|
|
|
|
| LEADER |
00000nam a22000007a 4500 |
| 005 |
20220207202243.0 |
| 007 |
cr|||| |||| |
| 008 |
220207s2019 co |||||s|||| 00||0 spa d |
| 020 |
|
|
|a 978-958-771-830-0
|
| 035 |
|
|
|a 35788
|
| 040 |
|
|
|a vLex
|
| 090 |
|
|
|c 12923
|d 12923
|
| 100 |
1 |
|
|a Garca̕ Restrepo, Javier
|
| 245 |
1 |
0 |
|a Estrategia tributaria
|h [Recurso electrn̤ico] :
|b Elementos en el impuesto de renta de las sociedades /
|c Javier Garca̕ Restrepo
|
| 256 |
|
|
|a Servicio en ln̕ea
|
| 260 |
|
|
|a Bogot:̀
|b ECOE,
|c 2019
|
| 300 |
|
|
|a 1 recurso electrn̤ico
|
| 500 |
|
|
|a Abordar el tema de estrategia en relacin̤ con lo tributario, y en especial, en lo que concierne al impuesto de renta de las personas jurd̕icas en Colombia, es fundamental. Este conocimiento es importante debido a los constantes cambios de las normas y a la multiplicidad de decretos reglamentarios, de jurisprudencia y de doctrina oficial, necesarios en este saber. El contenido de este libro plantea la estrategia tributaria desde varios frentes de estudio como el conocer y aplicar las normas ťicamente, tener una contabilidad en debida forma, la presentacin̤ oportuna y adecuada de las declaraciones tributarias, el pago de los impuestos en las fechas establecidas y la atencin̤ oportuna a los requerimientos de las entidades de control, entre otros aspectos. Dirigido a contadores pb︢licos, revisores fiscales, auditores, asesores tributarios, profesores de impuestos y a estudiantes de contadura̕, especialistas en impuestos y diplomados en impuestos.
|
| 506 |
1 |
|
|a Disponible solo en los productos indicados
|d vLex Global
|d vLex Global (Academic Edition, excluding Law Schools)
|d vLex Global (U.S. Academic Edition, Law Schools)
|d vLex Global (U.S. Academic Edition, excluding Law Schools)
|d vLex Global (Academic Edition, Law Schools)
|
| 650 |
0 |
4 |
|a Derecho Fiscal
|z Colombia
|
| 740 |
0 |
|
|a vLex Libros (Servicio en ln̕ea)
|
| 856 |
4 |
0 |
|u https://app.vlex.com/#/sources/35788
|z Acceso restringido
|
| 942 |
|
|
|c BOOK
|
| 999 |
0 |
|
|a Tax Law
|